Cieľom agrárnej politiky vlády je udržať potravinovú bezpečnosť krajiny

Stanovisko autora, učiteľa na VŠP v Nitre, ku Koncepcii a zásadám pôdohospodárskej politiky, hlavne jej agrárnej časti, predloženej Ministerstvom pôdohospodárstva SR a schválenej NR SR. 11 zásad agrárnej politiky, nepochopenie úlohy ministerstva v demokratickej a trhovej ekonomike.

Gespeichert in:
Bibliographische Detailangaben
1. Verfasser: Malejčík, A.
Weitere Verfasser: Janků, Jaroslav
Format: Buchkapitel
Sprache:Slowakisch
Schlagworte:
Tags: Tag hinzufügen
Keine Tags, Fügen Sie das erste Tag hinzu!

MARC

LEADER 00000naa a2200000 4500
001 r013874
005 20221205080543.5
041 0 |a slo 
044 |a SK 
245 1 0 |a Cieľom agrárnej politiky vlády je udržať potravinovú bezpečnosť krajiny  |c A. Malejčík, Jaroslav Janků 
520 |a Stanovisko autora, učiteľa na VŠP v Nitre, ku Koncepcii a zásadám pôdohospodárskej politiky, hlavne jej agrárnej časti, predloženej Ministerstvom pôdohospodárstva SR a schválenej NR SR. 11 zásad agrárnej politiky, nepochopenie úlohy ministerstva v demokratickej a trhovej ekonomike. 
610 2 0 |a politika poľnohospodárska 
610 2 0 |a koncepcie 
610 2 0 |a Slovensko 
610 2 0 |a potraviny 
610 2 0 |a trh 
100 1 |a Malejčík, A. 
700 1 |a Janků, Jaroslav